Responses for Show #2610 - Friday, December 29, 1995

1995-B Seniors Tournament final game 2.

Contestants

[<< previous game]

Phyllis Clark, a program coordinator from West Grove, Pennsylvania (subtotal of $6,800)

Jerry Platzman, a pharmacist and attorney from Monsey, New York (subtotal of $5,600)

David Cuneo, a former history teacher from Reisterstown, Maryland (subtotal of $12,600)

[next game >>]

Jeopardy! Round responses

SCIENCE & NATURE
CELEBRITIES
HINTS FROM HELOISE
VICE PRESIDENTS
PROVERBS
"A" ON THE MAP
(Alex: Obviously a geography category. Each correct response will begin with "A".)
    $100 8
gravity

Jerry
    $100 24
Angela Lansbury

Phyllis
    $100 6
cotton

David
    $100 7
Dan Quayle

Jerry
    $100 15
waste

David
    $100 1
Afghanistan

Phyllis
    $200 9
tarantula

David
    $200 25
Mel Gibson

Jerry
    $200 21
Vaseline

Phyllis
    $200 10
Aaron Burr

David
    $200 16
a cat

David
    $200 2
Antarctica

Phyllis
    $300 14
an iris

David
    $300 26
Katharine Hepburn

David
    $300 22
(Jerry: What is a freezer?)
(Alex: No.)
[Audience laughter]
(Jerry: What is an [*] tray...)
(David: What is an [*]?)
...
(Alex: She freezes them in [*]s.)

ice cube

DavidJerry
    $300 11
(David: Who is Rockefeller? Nelson.)

Nelson Rockefeller

David
    $300 17
bread

Jerry
    $300 3
Algeria

Jerry
    $400 18
horticulture

David
    $400 27
Diane Keaton

Jerry
    $400 29
a shower cap

David
    $400 12
(Spiro) Agnew

Jerry
    $400 19
May

Jerry
    $400 4
Antwerp

Jerry
    $500 20
carbon

Phyllis
    $500 28
Tammy Wynette

Phyllis
    $500 30
(Jerry: What are rugs?)

pillows

JerryPhyllis
    $1,000 13
(John C.) Calhoun

Jerry
    $500 23
one

Phyllis
    $500 5
Aruba

Phyllis

Scores at the first commercial break (after clue 13):

David Jerry Phyllis
$800 $2,300 $800

Scores at the end of the Jeopardy! Round:

David Jerry Phyllis
$2,800 $2,800 $3,100

Double Jeopardy! Round responses

SEAFARERS
(Alex: There's something new for us.)
WOMEN'S LANDMARKS
WORLD RELIGIONS
SONGS
FACT
FICTION
    $200 1
Sinbad (the Sailor)

David
    $200 3
Honolulu

David
    $200 16
Hinduism

Jerry
    $200 26
"Home On The Range"

Phyllis
    $200 21
filet mignon

David
    $200 11
Jurassic Park

David
    $400 2
Walter Cronkite

Phyllis
    $400 7
Margaret Mead

David
    $400 17
Mecca

Jerry
    $400 27
love

Phyllis
    $400 22
the Hindenburg

David
    $400 12
Oklahoma

David
    $600 4
(Jerry: Who is David Perry?)
(David: Who is Perry, [*]?)

Matthew Perry

DavidJerry
    $1,000 8
(Alex: It's a good thing you remembered your mother, David.)

Mother's Day

David
    $600 18
confession

David
    $600 28
"People"

Jerry
    $600 23
the one-dollar bill

Jerry
    $600 13
The Bridges of Madison County

Phyllis
    $800 5
(Jerry: Who is Job?)
(Phyllis: Who is Paul?)

Jonah

JerryPhyllis
Triple Stumper
    $800 9
Molly Pitcher

David
    $800 19
Buddhism

David
    $800 29
High Noon

David
    $800 24
(Herbert) Hoover

Phyllis
    $800 14
Amy Tan

Phyllis
    $1000 6
the Phoenicians

David
    $1000 10
(Phyllis: Who is Harriet Tubman?)

Sojourner Truth

DavidPhyllis
    $1,000 20
(David: Who are the Bedouins?)
...
(Alex: Jerry was hoping he'd have gotten that Daily Double.)

the Gypsies

David
    $1000 30
the salt

Triple Stumper
    $1000 25
Bobby Fischer

David
    $1000 15
Goodbye, Columbus

Jerry

Scores at the end of the Double Jeopardy! Round:

David Jerry Phyllis
$11,400 $4,200 $4,500
(lock tournament)

[wagering suggestions for these scores]

Final Jeopardy! Round responses

HISTORIC DOCUMENTS
JerryWhat is the Magna Carta?
$4,200
PhyllisWhat is the Declaration of Independence
$1,000
DavidWhat is the Magna Carta
$4,000
the Magna Carta

Final scores:

David Jerry Phyllis
$15,400 $8,400 $3,500

Cumulative scores:

David Jerry Phyllis
$28,000 $14,000 $10,300
Tournament champion: $28,000 1st runner-up: $14,000 2nd runner-up: $10,300

Game dynamics:

Coryat scores:

David Jerry Phyllis
$12,000 $3,700 $4,500
27 R
(including 1 DD),
1 W
(including 1 DD)
15 R
(including 1 DD),
4 W
15 R,
2 W

Combined Coryat: $20,200

[game clues] [game scores] [suggest correction]

Game tape date: Unknown
The J! Archive is created by fans, for fans. Scraping, republication, monetization, and malicious use prohibited; this site may use cookies and collect identifying information. See terms. The Jeopardy! game show and all elements thereof, including but not limited to copyright and trademark thereto, are the property of Jeopardy Productions, Inc. and are protected under law. This website is not affiliated with, sponsored by, or operated by Jeopardy Productions, Inc. Join the discussion at JBoard.tv.